¿Cuáles son los recursos disponibles para el desarrollo local?

Gespeichert in:
Bibliographische Detailangaben
1. Verfasser: Samandú, Luis E.
Format: Text
Veröffentlicht: San José: UCR. FCS. IIS.
Schlagworte:
Tags: Tag hinzufügen
Keine Tags, Fügen Sie den ersten Tag hinzu!

MARC

LEADER 00000 a a2200000 04500
001 18577
003
040
090 |a 143608  
100 |a Samandú, Luis E.  
245 |a ¿Cuáles son los recursos disponibles para el desarrollo local?  
260 |a San José:   |b UCR. FCS. IIS.  
300 |a 4 p  
650 |a PUB.IIS  
650 |a PROGRAMAS GUBERNAMENTALES  
650 |a DELEGACION DE LA TOMA DE DECISIONES  
650 |a DESARROLLO REGIONAL  
650 |a DESARROLLO LOCAL  
650 |a PLANO LOCAL  
999 |c 12594  |d 12594